<?xml version="1.0" encoding="UTF-8"?>
<record
    xmlns:xsi="http://www.w3.org/2001/XMLSchema-instance"
    xsi:schemaLocation="http://www.loc.gov/MARC21/slim http://www.loc.gov/standards/marcxml/schema/MARC21slim.xsd"
    xmlns="http://www.loc.gov/MARC21/slim">

  <leader>02244nam a2200241 i 4500</leader>
  <controlfield tag="001">Rebiun35030516</controlfield>
  <controlfield tag="007">ta</controlfield>
  <controlfield tag="008">240208s2024    sp a          000 0     d</controlfield>
  <datafield tag="017" ind1=" " ind2=" ">
    <subfield code="a">B 17828-2023</subfield>
  </datafield>
  <datafield tag="020" ind1=" " ind2=" ">
    <subfield code="a">9788419951335</subfield>
  </datafield>
  <datafield tag="040" ind1=" " ind2=" ">
    <subfield code="a">UGR </subfield>
    <subfield code="d">BUC</subfield>
    <subfield code="c">tbs</subfield>
  </datafield>
  <datafield tag="041" ind1=" " ind2=" ">
    <subfield code="a">spa</subfield>
  </datafield>
  <datafield tag="100" ind1=" " ind2=" ">
    <subfield code="a">Quian Quiroga, Rodrigo</subfield>
    <subfield code="9">25290</subfield>
    <subfield code="e">author</subfield>
  </datafield>
  <datafield tag="245" ind1="1" ind2="0">
    <subfield code="a">Cosas que nunca creer&#xED;ais</subfield>
    <subfield code="b">: de la ciencia ficci&#xF3;n a la neurociencia</subfield>
    <subfield code="c">/ Rodrigo Quian Quiroga.</subfield>
  </datafield>
  <datafield tag="260" ind1=" " ind2=" ">
    <subfield code="a">Barcelona : </subfield>
    <subfield code="b">Debate, </subfield>
    <subfield code="c">2024.</subfield>
  </datafield>
  <datafield tag="300" ind1=" " ind2=" ">
    <subfield code="a">349 pages : </subfield>
    <subfield code="b">illustrations ; </subfield>
    <subfield code="c">23 cm</subfield>
  </datafield>
  <datafield tag="490" ind1=" " ind2=" ">
    <subfield code="a">Ciencia y Tecnolog&#xED;a</subfield>
  </datafield>
  <datafield tag="520" ind1=" " ind2=" ">
    <subfield code="a">El prestigioso f&#xED;sico y neurocient&#xED;fico Rodrigo Quian Quiroga, descubridor de las neuronas de concepto (tambi&#xE9;n llamadas de Jennifer Aniston, porque responden a est&#xED;mulos tan espec&#xED;ficos como la imagen de la actriz) abre en Cosas que nunca creer&#xED;ais las puertas a un viaje fant&#xE1;stico hacia c&#xF3;mo los avances en la neurociencia est&#xE1;n materializando imaginarios antes reservados para las pel&#xED;culas de ciencia ficci&#xF3;n: desde borrar recuerdos hasta implantar pr&#xF3;tesis neuronales o leer la mente.

As&#xED;, pel&#xED;culas como Origen, Blade Runner, 2001: Odisea en el espacio o El planeta de los simios se convierten en un f&#xE9;rtil campo de trabajo, no exento de importantes retos filos&#xF3;ficos, para las decenas de cient&#xED;ficos que, como Quian Quiroga, trabajan diariamente para aproximar la fantas&#xED;a a la realidad.</subfield>
  </datafield>
  <datafield tag="520" ind1=" " ind2=" ">
    <subfield code="a">The renowned physicist and neuroscientist Rodrigo Quian Quiroga, discoverer of concept cells (also known as Jennifer Aniston neurons, because they respond to stimuli as specific as the image of the actress), opens the door in Things You Would Never Believe to a fascinating journey into how advances in neuroscience are making real what was once confined to science fiction: from erasing memories to implanting neural prosthetics or reading minds.

Films like Inception, Blade Runner, 2001: A Space Odyssey, or Planet of the Apes thus become a fertile field of exploration&#x2014;one not without major philosophical challenges&#x2014;for the many scientists who, like Quian Quiroga, work daily to bring fantasy closer to reality.</subfield>
  </datafield>
  <datafield tag="650" ind1=" " ind2="0">
    <subfield code="a">Neurosciences</subfield>
    <subfield code="9">11153</subfield>
  </datafield>
  <datafield tag="650" ind1=" " ind2="0">
    <subfield code="a">Neurosciences </subfield>
    <subfield code="x">Popular works</subfield>
    <subfield code="9">11755</subfield>
  </datafield>
  <datafield tag="942" ind1=" " ind2=" ">
    <subfield code="2">lcc</subfield>
  </datafield>
  <datafield tag="952" ind1=" " ind2=" ">
    <subfield code="0">0</subfield>
    <subfield code="1">0</subfield>
    <subfield code="2">lcc</subfield>
    <subfield code="4">0</subfield>
    <subfield code="7">0</subfield>
    <subfield code="a">TBS</subfield>
    <subfield code="b">TBS</subfield>
    <subfield code="d">2025-06-13</subfield>
    <subfield code="l">0</subfield>
    <subfield code="o">QP360.5 QUI</subfield>
    <subfield code="p">B05809</subfield>
    <subfield code="r">2025-06-13</subfield>
    <subfield code="t">1</subfield>
    <subfield code="w">2025-06-13</subfield>
    <subfield code="y">1</subfield>
  </datafield>
  <datafield tag="999" ind1=" " ind2=" ">
    <subfield code="c">4691</subfield>
    <subfield code="d">4691</subfield>
  </datafield>
</record>
